Medical simulation (Record no. 11051)

000 -LEADER
fixed length control field 00455 a2200157 4500
020 ## - INTERNATIONAL STANDARD BOOK NUMBER
International Standard Book Number 3540221867
040 ## - CATALOGING SOURCE
Original cataloging agency DLC
082 ## - DEWEY DECIMAL CLASSIFICATION NUMBER
Classification number 610.11
100 ## - MAIN ENTRY--PERSONAL NAME
Personal name Stephane Cotin
245 ## - TITLE STATEMENT
Title Medical simulation
Statement of responsibility, etc. Stephane Cotin
260 ## - PUBLICATION, DISTRIBUTION, ETC.
Place of publication, distribution, etc. Berlin
Name of publisher, distributor, etc. Springer
Date of publication, distribution, etc. 2004
300 ## - PHYSICAL DESCRIPTION
Extent xvi, 296p.;
Other physical details ill.:
Dimensions 24cm.
700 ## - ADDED ENTRY--PERSONAL NAME
Personal name Dimitris Metaxas
830 ## - SERIES ADDED ENTRY--UNIFORM TITLE
Uniform title International symposium, ISMA 2004 cambridge, MA, USA, June 17-18, 2004 Proceedings
942 ## - ADDED ENTRY ELEMENTS (KOHA)
Koha item type Book
Call number prefix 610.11 COT
Source of classification or shelving scheme
Holdings
Withdrawn status Lost status Damaged status Not for loan Collection code Permanent Location Current Location Shelving location Date acquired Source of acquisition Cost, normal purchase price Total Checkouts Full call number Barcode Date last seen Date last checked out Price effective from Koha item type
          Central Library (CL) Central Library (CL) General Stacks 08/06/2012 Allied Book Company 5656.47 1 610.11 COT SEECS011478 07/07/2014 01/21/2014 01/05/2017 Book
© 2023 Central Library, National University of Sciences and Technology. All Rights Reserved.